LEADER 01048cam0 2200301 450 001 000004568 005 20090313161246.0 010 $a88-430-1538-9 100 $a20030312d2000----km-y0itay50------ba 101 0 $aita 102 $aIT 105 $ay-------001yy 200 1 $aStati, nazioni, confini$eelementi di sociologia delle relazioni internazionali$fRiccardo Scartezzini 210 $aRoma$cCarocci$d2000 215 $a156 p.$cgraf.$d22 cm 225 2 $aRicerche$v72 410 0$12001$aRicerche 500 10$aStati, nazioni, confini$938354 610 1 $aIntegrazione economica internazionale 610 1 $aRelazioni internazionali$aEffetti dell'economia mondiale 610 1 $aPolitica economica internazionale$aEffetti sociali 676 $a303.482$v21$9Cause del cambiamento sociale. Relazioni tra culture 700 1$aScartezzini,$bRiccardo$0464841 801 0$aIT$bUNIPARTHENOPE$gRICA$2UNIMARC 912 $a000004568 951 $a423/38.$b9207$cNAVA2$d20030312 996 $aStati, nazioni, confini$938354 997 $aUNIPARTHENOPE LEADER 03522nas# 22003011i 450 001 UON00100650 005 20231205102551.93 011 $a0002--6646 100 $a20020107a1955 |0itac50 ba 101 $ager 102 $aDE 105 $a|||| ||||| 110 $aaQ||||||||| 200 1 $aˆDas ‰Altertum$fhrsg. von der Sektion für Altertumswissenschaft bei der Deutschen Akademie der Wissenschaften zu Berlin 205 $a1(1955)- 207 $aBerlin : Akademie Verlag 1955- 210 $a v.$a24 cm 215 $aTrimestrale 606 $aPERIODICI$xVaria$xGermania$3UONC026752$2FI 620 $aDE$dBerlin$3UONL003157 712 02$aDeutsche Akademie der Wissenschaften$cBerlin$bSektion für Altertumswiss enschaft$3UONV056768 712 $aAkademie$3UONV246404$4650 801 $aIT$bSOL$c20241115$gRICA 899 $aSIBA - SISTEMA BIBLIOTECARIO DI ATENEO$2UONSI$41(1955)-7(1961);9(1963)-12(1966);15(1969)-23(1977); Lac. 1956;1959;$cPER A 0121 ; 912 $aUON00100650 950 $aSIBA - SISTEMA BIBLIOTECARIO DI ATENEO$bSI 1(1955)-7(1961);9(1963)-12(1966);15(1969)-23(1977); Lac. 1956;1959;$dSI PER A 0121 001 1955 $eSI MC 16399 7 1955 $dSI PER A 0121 002 1956 $eSI MC 16400 7 1956 $dSI PER A 0121 003 1957 $eSI MC 16401 7 1957 $dSI PER A 0121 004 1958 $eSI MC 16402 7 1958 $dSI PER A 0121 005 1959 $eSI MC 16403 7 1959 $dSI PER A 0121 006 1960 $eSI MC 16404 7 1960 $dSI PER A 0121 007 1961 $eSI MC 16405 7 1961 $dSI PER A 0121 009 1963 $eSI MC 16406 7 1963 $dSI PER A 0121 010 1964 $eSI MC 16407 7 1964 $dSI PER A 0121 011 1965 $eSI MC 16408 7 1965 $dSI PER A 0121 012 1966 $eSI MC 16409 7 1966 $dSI PER A 0121 015 1969 $eSI MC 16410 7 1969 $dSI PER A 0121 016 1970 $eSI MC 16411 7 1970 $dSI PER A 0121 017 1971 $eSI MC 16412 7 1971 $dSI PER A 0121 018 1972 $eSI MC 16413 7 1972 $dSI PER A 0121 019 1973 $eSI MC 16414 7 1973 $dSI PER A 0121 020 1974 $eSI MC 16415 7 1974 $dSI PER A 0121 021 1975 $eSI MC 16416 7 1975 $dSI PER A 0121 022 1976 $eSI MC 16417 7 1976 $dSI PER A 0121 023 1977 $eSI MC 16418 7 1977 996 $aAltertum$9591138 997 $aUNIOR